[Event "Euskadi-chT (Vasca) Div 1st"]
[Site "Bergara"]
[Date "2014.02.22"]
[Round "7.3"]
[White "Zubimendi Herranz, Julian"]
[Black "Aldave Aguado, Adrian"]
[Result "1/2-1/2"]
[WhiteElo "1995"]
[BlackElo "1866"]
[PlyCount "59"]
[EventDate "2014.01.11"]
[EventType "team-tourn"]
[EventRounds "9"]
[EventCountry "ESP"]
[SourceTitle "EXT 2024"]
[Source "ChessBase"]
[SourceDate "2023.10.10"]
[SourceVersion "1"]
[SourceVersionDate "2023.10.10"]
[SourceQuality "1"]

1. d4 e6 2. c4 Nf6 3. Nc3 Bb4 4. Qc2 0-0 5. Nf3 d6 6. e3 Nc6 7. Bd3 e5 8. a3 Bxc3+ 9. bxc3 b6 10. 0-0 Ba6 11. Nd2 Qe8 12. Qa4 Na5 13. Qxe8 Rfxe8 14. e4 Nh5 15. g3 g6 16. Bb2 Ng7 17. f4 f6 18. Rf2 Rf8 19. Bf1 c5 20. Rb1 Rac8 21. Rc1 Ne6 22. Bh3 Rce8 23. d5 Ng7 24. Bd7 Re7 25. Bb5 Bc8 26. Re1 Nh5 27. Ba4 Ba6 28. Bb5 Bc8 29. Ba4 Ba6 30. Bb5 1/2-1/2

[Event "Huarte Puente Foral op 8th"]
[Site "Huarte"]
[Date "2013.12.07"]
[Round "6"]
[White "Aldave Aguado, Adrian"]
[Black "Iraneta Unzue, Iker"]
[Result "1-0"]
[WhiteElo "1815"]
[BlackElo "2001"]
[PlyCount "97"]
[EventDate "2013.12.03"]
[EventType "swiss"]
[EventRounds "7"]
[EventCountry "ESP"]
[SourceTitle "EXT 2016"]
[Source "ChessBase"]
[SourceDate "2015.10.08"]
[SourceVersion "1"]
[SourceVersionDate "2015.10.08"]
[SourceQuality "1"]

1. d4 Nf6 2. c4 g6 3. Nc3 Bg7 4. e4 d6 5. Be2 0-0 6. Bg5 Nbd7 7. Qd2 Re8 8. h3 e5 9. d5 a5 10. g4 Nc5 11. f3 h6 12. Be3 Nfd7 13. h4 Kh7 14. h5 g5 15. Nh3 f6 16. b3 Nb8 17. 0-0 Bd7 18. Nf2 Nba6 19. Rab1 b6 20. Rfc1 Qe7 21. Bd1 Ra7 22. a3 Rea8 23. b4 axb4 24. axb4 Nb7 25. Nb5 Bxb5 26. cxb5 Nb8 27. Qc3 Nd8 28. Rb3 Qd7 29. Be2 Nf7 30. Nh1 Bf8 31. Ng3 Be7 32. Nf5 Bd8 33. Rbb1 Kg8 34. Ra1 Qc8 35. Rxa7 Rxa7 36. Bxb6 Rb7 37. Be3 Qd7 38. Qa3 Rxb5 39. Bxb5 Qxb5 40. Kg2 Na6 41. Qa5 Qb7 42. Qa4 Kf8 43. b5 Nb8 44. Kg3 Nd7 45. Qa6 Qb8 46. Ba7 Qa8 47. Ra1 Ke8 48. Qc6 Qxc6 49. bxc6 1-0